Advancing peace research : (Record no. 15508)
[ view plain ]
| 000 -LEADER | |
|---|---|
| fixed length control field | 01241cam a22003374a 4500 |
| 001 - CONTROL NUMBER | |
| control field | 16912606 |
| 005 - DATE AND TIME OF LATEST TRANSACTION | |
| control field | 20170105102919.0 |
| 008 - FIXED-LENGTH DATA ELEMENTS--GENERAL INFORMATION | |
| fixed length control field | 110810s2012 enka b 001 0 eng |
| 010 ## - LIBRARY OF CONGRESS CONTROL NUMBER | |
| LC control number | 2011033432 |
| 016 7# - NATIONAL BIBLIOGRAPHIC AGENCY CONTROL NUMBER | |
| Record control number | 015371165 |
| Source | Uk |
| 020 ## - INTERNATIONAL STANDARD BOOK NUMBER | |
| International Standard Book Number | 9780415779593 (hbk.) |
| 020 ## - INTERNATIONAL STANDARD BOOK NUMBER | |
| International Standard Book Number | 0415779596 (hbk.) |
| 020 ## - INTERNATIONAL STANDARD BOOK NUMBER | |
| International Standard Book Number | 9780415779609 (pbk.) |
| 035 ## - SYSTEM CONTROL NUMBER | |
| System control number | (OCoLC)ocn746619342 |
| 040 ## - CATALOGING SOURCE | |
| Original cataloging agency | DLC |
| Language of cataloging | eng |
| Transcribing agency | DLC |
| Modifying agency | YDX |
| -- | CDX |
| -- | YDXCP |
| -- | UKMGB |
| -- | DLC |
| 042 ## - AUTHENTICATION CODE | |
| Authentication code | pcc |
| 050 00 - LIBRARY OF CONGRESS CALL NUMBER | |
| Classification number | JZ5534 |
| Item number | .S56 2012 |
| 082 00 - DEWEY DECIMAL CLASSIFICATION NUMBER | |
| Classification number | 303.6/6 |
| Edition number | 23 |
| 100 1# - MAIN ENTRY--PERSONAL NAME | |
| Personal name | Singer, J. David |
| Fuller form of name | (Joel David), |
| Dates associated with a name | 1925-2009. |
| 245 10 - TITLE STATEMENT | |
| Title | Advancing peace research : |
| Remainder of title | leaving traces, selected articles by J. David Singer / |
| Statement of responsibility, etc. | edited by Jody B. Lear, Diane Macaulay and Meredith Reid Sarkees. |
| 260 ## - PUBLICATION, DISTRIBUTION, ETC. | |
| Place of publication, distribution, etc. | Abingdon, Oxon ; |
| -- | New York : |
| Name of publisher, distributor, etc. | Routledge, |
| Date of publication, distribution, etc. | 2012. |
| 300 ## - PHYSICAL DESCRIPTION | |
| Extent | xix, 292 p. : |
| Other physical details | ill. ; |
| Dimensions | 24 cm. |
| 504 ## - BIBLIOGRAPHY, ETC. NOTE | |
| Bibliography, etc. note | Includes bibliographical references (p. [258]-282) and index. |
| 650 #0 - SUBJECT ADDED ENTRY--TOPICAL TERM | |
| Topical term or geographic name entry element | Peace |
| General subdivision | Research. |
| 700 1# - ADDED ENTRY--PERSONAL NAME | |
| Personal name | Lear, Jody B. |
| 700 1# - ADDED ENTRY--PERSONAL NAME | |
| Personal name | Macaulay, Diane. |
| 700 1# - ADDED ENTRY--PERSONAL NAME | |
| Personal name | Sarkees, Meredith Reid, |
| Dates associated with a name | 1950- |
| 906 ## - LOCAL DATA ELEMENT F, LDF (RLIN) | |
| a | 7 |
| b | cbc |
| c | orignew |
| d | 1 |
| e | ecip |
| f | 20 |
| g | y-gencatlg |
| 942 ## - ADDED ENTRY ELEMENTS (KOHA) | |
| Source of classification or shelving scheme | |
| Koha item type | Book |
| Withdrawn status | Lost status | Damaged status | Not for loan | Collection code | Permanent Location | Current Location | Shelving location | Date acquired | Total Checkouts | Full call number | Barcode | Date last seen | Date last checked out | Price effective from | Koha item type |
|---|---|---|---|---|---|---|---|---|---|---|---|---|---|---|---|
| Centre for International Peace & Stability (CIPS) | Centre for International Peace & Stability (CIPS) | General Stacks | 10/02/2013 | 1 | 303.66 SIN 2012 | CIPS0002417 | 10/01/2015 | 01/15/2015 | 12/03/2013 | Book |
